|
|
|
|
| LEADER |
00895nab a2200193 i 4500 |
| 001 |
acta41564 |
| 005 |
20260224081030.0 |
| 008 |
170824s2010 hu o 000 hun d |
| 022 |
|
|
|a 0237-7934
|
| 040 |
|
|
|a SZTE Egyetemi Kiadványok Repozitórium
|b hun
|
| 041 |
|
|
|a hun
|
| 100 |
1 |
|
|a Lévai Csaba
|
| 245 |
1 |
0 |
|a Megszakított folytonosság
|h [elektronikus dokumentum] :
|b a magyarországi politikai szocializáció története : Szabó Ildikó : Nemzet és szocializáció : a politika szerepe az identitások formálásában Magyarországon 1867–2006 /
|c Lévai Csaba
|
| 260 |
|
|
|c 2010
|
| 300 |
|
|
|a 200-205
|
| 490 |
0 |
|
|a Aetas
|v 25 No. 3
|
| 695 |
|
|
|a Politikai gondolkodás - Magyarország - 19-21. sz. - könyvismertetés, Nemzeti tudat - magyar - 19-21. sz. - könyvismertetés
|
| 700 |
0 |
1 |
|a Szabó Ildikó
|
| 856 |
4 |
0 |
|u http://acta.bibl.u-szeged.hu/41564/1/aetas_2010_003_200-205.pdf
|z Dokumentum-elérés
|